000 004200000a22001690004500
003 MACL
005 20151229134437.0
008 151229b xxu||||| |||| 00| 0 eng d
040 _aMACL
_cMACL
041 _aEnglish
082 _a188/STO
100 _aStock, St George
_923895
245 _aStoicism
260 _bArchibald Constable & Co Ltd
_c1908
_aLondon
650 _aPhilosophy
_923896
942 _cBK
_k188/STO
_2ddc
999 _c37903
_d37903